| Tag |
First Indicator |
Second Indicator |
Subfields |
| LEADER |
00000cam a2200000Ki 4500 |
| 001 |
in00003428131 |
| 005 |
20151206090921.0 |
| 006 |
m fo d |
| 007 |
cr unu|||||||| |
| 008 |
140110s2013 txu obm 000 0 eng d |
| 035 |
|
|
|a (OCoLC)ocn867866779
|
| 035 |
|
|
|a (OCoLC)867866779
|
| 035 |
|
|
|a (TxCM)http://hdl.handle.net/1969.1/148279
|
| 040 |
|
|
|a TXA
|c TXA
|b eng
|e rda
|e pn
|d UtOrBLW
|
| 049 |
|
|
|a TXAM
|
| 099 |
|
|
|a 2012
|a Thesis
|a 1969.1/148279
|
| 100 |
1 |
|
|a Taylor, Sym Antonne,
|e author.
|
| 245 |
1 |
0 |
|a Parameterization of Maximum Wave Heights Forced by Hurricanes :
|b Application to Corpus Christi, Texas /
|c by Sym Antonne Taylor.
|
| 264 |
|
1 |
|a [College Station, Texas] :
|b [Texas A & M University],
|c [2013]
|
| 300 |
|
|
|a 1 online resource (109 pages)
|
| 336 |
|
|
|a text
|b txt
|2 rdacontent
|
| 337 |
|
|
|a computer
|b c
|2 rdamedia
|
| 338 |
|
|
|a online resource
|b cr
|2 rdacarrier
|
| 347 |
|
|
|a text file
|b PDF
|2 rda
|
| 500 |
|
|
|a "Major Subject: Ocean Engineering"
|
| 500 |
|
|
|a Includes vita.
|
| 502 |
|
|
|b Master of Science
|c Texas A & M University
|d 2012
|o http://hdl.handle.net/1969.1/148279
|
| 504 |
|
|
|a Includes bibliographical references.
|
| 516 |
|
|
|a Text (Thesis)
|
| 520 |
3 |
|
|a In recent times, communities and structures along the Gulf of Mexico have experienced the destructive and devastating impact of hurricane surges and waves. While the impacts of surges have been studied, there exists a need for (1) the understanding of open-coast and bay environment hurricane wave conditions and (2) expedient prediction, for rapid evaluation, of wave hazards as a function of hurricane parameters. This thesis presents the coupled ADCIRC-SWAN numerical model results of wave height sensitivity based on the investigation of several hurricane parameters. Also presented is the development of parameterized maximum significant wave height models. These are determined by incorporating three forms of an equivalent fetch into (1) dimensionless best-fit equations and (2) Shoreline Protection Manual (SPM) method. Computational results indicate that for a range of simulated hurricane parameters, a wide range of spatial and temporal characteristics, for the significant wave height, exists. The location of hurricane landfall results in a significant difference in the wave height at specified points. Additionally, the variation in central pressures, radius sizes and forward speeds leads to elevated surge levels that contribute to wave generation. Furthermore, the time evolution trend of the generation of the significant wave height is found to be unique to its geographic location. In the development of parameterized maximum significant wave height models, the dimensionless best-fit equation approach indicates how strongly the various forms of the equivalent fetch and the bathymetric depth ultimately determines the predicted maximum significant wave height. This approach yielded RMSE that range between 0.52m - 0.68m. Additionally, the accuracy for this approach varied greatly as the highest scatter index was 0.28 for the open-coast points and 0.37 for the bay points. The SPM approach gives an indication of how strongly the functional form of the equivalent fetch determines the predicted maximum significant wave height. When compared to the dimensionless approach, this method produced a lower RMSE of 0.37m and a greater accuracy for the scatter index of 0.23 for the open-coast points and 0.31 for the bay points. The electronic version of this dissertation is accessible from http://hdl.handle.net/1969.1/148279
|
| 588 |
|
|
|a Description from author supplied metadata (automated record created 2013-12-06 12:46:50).
|
| 650 |
|
4 |
|a Major Ocean Engineering.
|
| 653 |
|
|
|a Hurricanes
|
| 653 |
|
|
|a Wave heights
|
| 700 |
1 |
|
|a Kaihatu, James,
|e thesis advisor.
|
| 710 |
2 |
|
|a Texas A & M University,
|e degree granting institution.
|
| 856 |
4 |
0 |
|u http://hdl.handle.net/1969.1/148279
|z Link to OAK Trust copy
|t 0
|
| 994 |
|
|
|a C0
|b TXA
|
| 948 |
|
|
|a cataloged
|b h
|c 2014/1/10
|d o
|e jlanham
|f 1:18:40 pm
|
| 999 |
|
|
|a MARS
|
| 999 |
f |
f |
|s c21bccba-e85c-33dd-913b-2b121da48db9
|i fe5c665f-e16f-3271-b528-3746e207dff4
|t 0
|
| 952 |
f |
f |
|a Texas A&M University
|b College Station
|c Electronic Resources
|d Available Online
|t 0
|e 2012 Thesis 1969.1/148279
|h Other scheme
|
| 998 |
f |
f |
|a 2012 Thesis 1969.1/148279
|t 0
|l Available Online
|